| 000 | 01075 a2200265 4500 | ||
|---|---|---|---|
| 999 |
_c160160 _d26414 |
||
| 001 | 160160 | ||
| 003 | TR-AnTOB | ||
| 005 | 20230811143809.0 | ||
| 008 | 071010s2003 tu 00000 tur | ||
| 040 |
_aTOBB ETÜ _beng _cTR-AnTOB _erda |
||
| 041 | _atur | ||
| 050 | 1 |
_aHD2056.7 _b.R59 2003 TOBBK |
|
| 090 | _aHD2056.7 .R59 2003 TOBBK | ||
| 245 | 0 |
_aRize ili tarım master planı : _bİl tarım ve kırsal kalkınma master planlarının hazırlanmasına destek projesi / _cT. C. Tarım ve Köyişleri Bakanlığı Araştırma Planlama ve Koordinasyon Kurulu Başkanlığı Rize Tarım İl Müdürlüğü Rize Tarımsal Master Plan Hazırlama Ekibi Cahil Gülbay...[ve başkl.]. |
|
| 264 | 1 |
_a[Rize]: _bTarım ve Köy İşleri Bakanlığı Rize Tarım İl Müdürlüğü, _c2003. |
|
| 300 |
_a121 s.: _bhrt.,tabl.; _c29 cm. |
||
| 650 | 0 |
_aAgriculture and state _zTurkey _zRize _966187 |
|
| 650 | 0 |
_aTarım ve devlet _zTürkiye _zRize _966186 |
|
| 700 | 1 |
_aGülbay, Cahit _966183 |
|
| 700 | 1 |
_aBulut, Şafak _966184 |
|
| 901 | _aT000372 | ||
| 902 | _aMÇ | ||
| 942 |
_cBK _2lcc |
||